[Event "WY Girls-U18"]
[Site "Porto Carras GRE"]
[Date "2010.10.20"]
[Round "1.1"]
[White "Kolaric, Spela"]
[Black "Cori T., Deysi"]
[Result "1/2-1/2"]
[BlackTitle "WGM"]
[WhiteElo "2041"]
[BlackElo "2368"]
[WhiteFideId "14607093"]
[BlackFideId "3801934"]
[EventDate "2010.10.20"]

1. e4 e6 2. d4 d5 3. Nc3 Nf6 4. e5 Nfd7 5. f4 c5 6. Nf3 Nc6 7. Be3 Rb8 8. Qd2
cxd4 9. Nxd4 Bc5 10. Bb5 Bxd4 11. Bxd4 a6 12. Be2 b5 13. Bf3 g5 14. O-O Nxd4 15.
Qxd4 Qb6 16. Qxb6 Rxb6 17. g3 gxf4 18. gxf4 Rc6 19. Rac1 Ke7 20. Ne2 f6 21.
exf6+ Nxf6 22. Nd4 Rc4 23. c3 Rf8 24. Rce1 Kd6 25. Re3 Ne8 26. Bg4 Ng7 27. Rh3
Rg8 28. Kh1 Ne8 29. Be2 Rc7 30. Rh6 Rg6 31. Rxg6 hxg6 32. Bd3 Nf6 33. Bxg6 Ng4
34. h4 b4 35. Rf3 e5 36. fxe5+ Nxe5 1/2-1/2

[Event "WY Girls-U18"]
[Site "Porto Carras GRE"]
[Date "2010.10.20"]
[Round "1.2"]
[White "Havlikova, Kristyna"]
[Black "Datta, Anjali"]
[Result "1-0"]
[WhiteTitle "WIM"]
[WhiteElo "2318"]
[BlackElo "2025"]
[WhiteFideId "309672"]
[BlackFideId "2027682"]
[EventDate "2010.10.20"]

1. e4 e6 2. d4 d5 3. Nc3 Nc6 4. Nf3 Nf6 5. e5 Ne4 6. Ne2 f6 7. Ng3 Bb4+ 8. c3
Nxc3 9. bxc3 Bxc3+ 10. Bd2 Bxa1 11. Qxa1 O-O 12. exf6 Qxf6 13. Bd3 Bd7 14. O-O
Rae8 15. Bg5 Qf7 16. Qb1 g6 17. Bh6 b6 18. Bb5 Re7 19. Bxc6 Bxc6 20. Ne5 Qe8 21.
Bxf8 Kxf8 22. Rc1 Ba4 23. Qb4 Kg8 24. Ne2 Rg7 25. Nf4 b5 26. Qa5 g5 27. Nfd3 Qb8
28. Nc5 Qc8 29. Qxa7 c6 30. Qb6 Re7 31. Nxa4 bxa4 32. Rxc6 Qb7 33. g3 1-0

[Event "WY Girls-U18"]
[Site "Porto Carras GRE"]
[Date "2010.10.20"]
[Round "1.3"]
[White "Soubirou, Oriane"]
[Black "Bhakti, Kulkarni"]
[Result "0-1"]
[BlackTitle "CM"]
[WhiteElo "2021"]
[BlackElo "2294"]
[WhiteFideId "686034"]
[BlackFideId "5019516"]
[EventDate "2010.10.20"]

1. d4 Nf6 2. c4 c5 3. d5 b5 4. Qc2 bxc4 5. e4 d6 6. Bxc4 g6 7. b3 Nxe4 8. Bb2
Nf6 9. Nf3 Bg7 10. O-O O-O 11. Re1 Nbd7 12. Nc3 Nb6 13. Qe2 Nxc4 14. bxc4 Rb8
15. Rac1 Re8 16. Ba1 Ba6 17. Qd3 Qd7 18. Red1 Rb4 19. Nd2 Bh6 20. Nce4 Nxe4 21.
Qxe4 Qf5 22. Qe2 Qxd5 23. Bc3 Rbb8 24. Qg4 Qf5 0-1

[Event "WY Girls-U18"]
[Site "Porto Carras GRE"]
[Date "2010.10.20"]
[Round "1.4"]
[White "Bulmaga, Irina"]
[Black "De Seroux, Camille"]
[Result "1-0"]
[WhiteTitle "WIM"]
[WhiteElo "2267"]
[BlackElo "2020"]
[WhiteFideId "13903063"]
[BlackFideId "1305620"]
[EventDate "2010.10.20"]

1. e4 c5 2. c3 Nf6 3. e5 Nd5 4. Nf3 Nc6 5. Bc4 Nb6 6. Bb3 d6 7. exd6 e6 8. d4
cxd4 9. cxd4 Bxd6 10. Nc3 O-O 11. O-O a6 12. Bc2 Be7 13. Qd3 g6 14. a3 Bf6 15.
Bh6 Bg7 16. Bxg7 Kxg7 17. Rad1 Nd5 18. Ne5 Qb6 19. Nc4 Qc7 20. Nxd5 exd5 21. Ne3
Be6 22. f4 f5 23. Rf2 Rac8 24. g3 Na5 25. Bb1 Qd6 26. Ba2 Rc7 27. Qd2 b6 28. Re2
Rfc8 29. Kf2 Bf7 30. h4 h5 31. Qd3 Kh7 32. Qxa6 Rc1 33. b4 Rxd1 34. Qxc8 Ra1 35.
bxa5 Qxa3 36. Bxd5 Bxd5 37. Nxd5 Rf1+ 38. Kxf1 Qf3+ 39. Ke1 1-0

[Event "WY Girls-U18"]
[Site "Porto Carras GRE"]
[Date "2010.10.20"]
[Round "1.5"]
[White "Mamatkulova, Maftuna"]
[Black "Tsatsalashvili, Keti"]
[Result "1-0"]
[BlackTitle "WIM"]
[WhiteElo "2007"]
[BlackElo "2266"]
[WhiteFideId "14202816"]
[BlackFideId "13603434"]
[EventDate "2010.10.20"]

1. d4 Nf6 2. c4 e6 3. Nf3 b6 4. g3 Ba6 5. Qa4 Bb7 6. Bg2 c5 7. O-O cxd4 8. Nxd4
Bxg2 9. Kxg2 Bc5 10. Nf3 O-O 11. Nc3 Nc6 12. Bg5 h6 13. Bxf6 Qxf6 14. Rad1 Rfd8
15. a3 Rac8 16. Rd2 Bf8 17. Rfd1 Na5 18. Rxd7 Rxc4 19. Rxd8 Rxa4 20. Nxa4 e5 21.
Re8 Qc6 22. Rdd8 Qxa4 23. Rxf8+ Kh7 24. Rxf7 e4 25. Nh4 Nc6 26. Rdd7 Ne5 27.
Rxg7+ Kh8 28. Rh7+ Kg8 29. Rdg7+ 1-0

[Event "WY Girls-U18"]
[Site "Porto Carras GRE"]
[Date "2010.10.20"]
[Round "1.6"]
[White "Kazimova, Narmin Nizami qizi"]
[Black "Suarez Calvo, Alesandra"]
[Result "1-0"]
[WhiteTitle "WIM"]
[WhiteElo "2260"]
[BlackElo "2006"]
[WhiteFideId "13402951"]
[BlackFideId "2284677"]
[EventDate "2010.10.20"]

1. Nf3 g6 2. c4 c5 3. d4 cxd4 4. Nxd4 Bg7 5. e4 Nc6 6. Be3 Nf6 7. Nc3 O-O 8. Be2
d6 9. O-O Ne5 10. f3 a6 11. Qd2 Qc7 12. Rac1 Bd7 13. Rfd1 Rac8 14. b3 h5 15. h3
Kh7 16. f4 Nc6 17. Nf3 Qa5 18. c5 Rfd8 19. cxd6 exd6 20. Ng5+ Kg8 21. Bc4 Be8
22. Qf2 Nd7 23. Nd5 Nc5 24. b4 Nxb4 25. Bd2 Ncd3 26. Bxd3 Rxc1 27. Rxc1 Nxd3 28.
Bxa5 Nxf2 29. Bxd8 Bd4 30. Kh2 1-0

[Event "WY Girls-U18"]
[Site "Porto Carras GRE"]
[Date "2010.10.20"]
[Round "1.7"]
[White "Kantor, Reka"]
[Black "Haast, Anne"]
[Result "1/2-1/2"]
[BlackTitle "WIM"]
[WhiteElo "2003"]
[BlackElo "2256"]
[WhiteFideId "14913275"]
[BlackFideId "1017292"]
[EventDate "2010.10.20"]

1. e4 e5 2. Nf3 Nc6 3. Bb5 Nge7 4. O-O g6 5. c3 a6 6. Ba4 Bg7 7. d4 exd4 8. cxd4
b5 9. Bb3 d6 10. h3 O-O 11. Nc3 Na5 12. Bc2 c5 13. Bg5 h6 14. Bf4 Ra7 15. Rc1
cxd4 16. Nxd4 d5 17. exd5 Nxd5 18. Nxd5 Qxd5 19. Ne2 Qxd1 20. Rcxd1 Bxb2 21.
Bxh6 Re8 22. Be3 Rd7 23. Rxd7 Bxd7 24. Rd1 Be6 25. Rd6 Bxa2 26. Rxa6 Bc4 27.
Rxa5 Bxe2 28. Bxg6 fxg6 29. Ra2 Bc3 30. Rxe2 b4 31. Rc2 Rb8 32. Bc1 Ra8 33. Kf1 1/2-1/2

[Event "WY Girls-U18"]
[Site "Porto Carras GRE"]
[Date "2010.10.20"]
[Round "1.8"]
[White "Efroimski, Marsel"]
[Black "Trapeznikova, Darya"]
[Result "1-0"]
[WhiteTitle "WFM"]
[WhiteElo "2244"]
[BlackElo "1998"]
[WhiteFideId "2810964"]
[BlackFideId "24121118"]
[EventDate "2010.10.20"]

1. e4 e6 2. d4 d5 3. Nd2 c5 4. Ngf3 Nf6 5. e5 Nfd7 6. Bd3 Nc6 7. O-O Be7 8. Re1
Qb6 9. c4 Nb4 10. Bb1 dxc4 11. Nxc4 Qa6 12. Qe2 b5 13. Nd6+ Bxd6 14. exd6 Qxd6
15. dxc5 Qxc5 16. Be4 Nd5 17. b4 Qd6 18. Nd4 N7f6 19. Nf5 Qxb4 20. Bd2 Qa3 21.
Bxd5 Nxd5 22. Qe5 Kd7 23. Qxg7 Qf8 24. Qb2 a6 25. Bh6 Qd8 26. Qe5 Rg8 27. Rad1
Bb7 28. Qd6+ Ke8 29. Rxe6+ 1-0

[Event "WY Girls-U18"]
[Site "Porto Carras GRE"]
[Date "2010.10.20"]
[Round "1.9"]
[White "Shangarayeva, Daiana"]
[Black "Hejazipour, Mitra"]
[Result "1/2-1/2"]
[BlackTitle "WFM"]
[WhiteElo "1994"]
[BlackElo "2239"]
[WhiteFideId "13703510"]
[BlackFideId "12505951"]
[EventDate "2010.10.20"]

1. e4 c5 2. Nf3 e6 3. c4 a6 4. Nc3 Nc6 5. Be2 Nf6 6. O-O Qc7 7. d4 cxd4 8. Nxd4
Nxd4 9. Qxd4 Bc5 10. Qd3 h5 11. Qg3 Qxg3 12. hxg3 d6 13. Bf3 Ng4 14. Bf4 Bd7 15.
Rad1 e5 16. Bc1 O-O-O 17. Nd5 f6 18. b4 Bd4 19. Rd2 Kb8 20. Bb2 Bxb2 21. Rxb2 h4
22. gxh4 Rxh4 23. Bxg4 Bxg4 24. f3 Be6 25. Ne3 g6 26. Rd1 Rh7 27. Rbd2 Rhd7 28.
Kf2 f5 29. exf5 gxf5 30. Nd5 Ka7 31. a4 Rc8 32. Rc1 b6 33. Rdc2 a5 34. bxa5 bxa5
35. Nc3 Ka6 36. Nb5 Rc6 37. Ke1 Rd8 38. Rd2 d5 39. c5 Rdc8 40. Re2 Rxc5 41. Rxc5
Rxc5 42. Rxe5 Bd7 43. Nd4 f4 44. Kd2 Bxa4 45. Re6+ Kb7 46. Rf6 Bd7 47. Rxf4 a4
48. Nc2 Kb6 49. g4 Rc8 50. Rf7 Bc6 51. g5 Kc5 52. g6 Rg8 53. g7 d4 54. f4 Be4
55. Rc7+ Kd6 56. Ra7 Kc5 57. Ra5+ Kd6 58. Nxd4 Rxg7 59. Rxa4 Kd5 60. Ne2 Bf3 61.
Nc3+ Ke6 62. Ke3 Bg4 63. Ne4 Re7 64. Kd4 Bf3 65. Ng3 Rg7 66. Ra6+ Kf7 67. Nf5
Rg1 68. Nd6+ Ke6 69. Ke3 Bg4 70. Ne4+ Ke7 71. Ng5 Rb1 72. Ra5 Kf6 73. Ne4+ Ke6
74. Ra6+ Ke7 75. Nf6 Be6 1/2-1/2

[Event "WY Girls-U18"]
[Site "Porto Carras GRE"]
[Date "2010.10.20"]
[Round "1.10"]
[White "Eric, Jovana"]
[Black "Sargsyan, Shushanna"]
[Result "1-0"]
[WhiteTitle "WIM"]
[WhiteElo "2218"]
[BlackElo "1986"]
[WhiteFideId "938238"]
[BlackFideId "13304372"]
[EventDate "2010.10.20"]

1. e4 c6 2. d4 d5 3. e5 Bf5 4. Be3 e6 5. Nd2 Nd7 6. c3 Ne7 7. f4 h5 8. Ngf3 Bg4
9. Be2 Nf5 10. Bf2 Be7 11. O-O Qb6 12. b4 Qd8 13. Nb3 g5 14. fxg5 Bxg5 15. Qd3
Bf4 16. Kh1 Rg8 17. g3 Bh6 18. Rg1 Nb6 19. Nc5 Qc7 20. Nh4 Nxh4 21. Bxg4 hxg4
22. gxh4 O-O-O 23. Qe2 Nc4 24. Rxg4 Bd2 25. Rxg8 Rxg8 26. Qf3 b6 27. Nb3 Qe7 28.
Qd3 Bf4 29. Rf1 Rg6 30. Qf3 Bd2 31. Bg3 Rg7 32. Rd1 Be3 33. Rd3 Bh6 34. Qh5 Rg6
35. Rf3 Kd7 36. Rf2 Be3 37. Rf1 Bh6 38. Qf3 Rg7 39. a4 Ne3 40. Ra1 Nf5 41. a5 b5
42. Nc5+ Ke8 43. Rf1 Kd8 44. a6 Rh7 45. Nb7+ Kd7 46. Nd6 Nxh4 47. Qh5 Ng6 48.
Rf6 Kc7 49. Nxf7 1-0

[Event "WY Girls-U18"]
[Site "Porto Carras GRE"]
[Date "2010.10.20"]
[Round "1.11"]
[White "Vatkali, Dimitra"]
[Black "Hoang, Thi Nhu Y"]
[Result "0-1"]
[BlackTitle "WIM"]
[WhiteElo "1970"]
[BlackElo "2214"]
[WhiteFideId "4200705"]
[BlackFideId "12401455"]
[EventDate "2010.10.20"]

1. e4 c6 2. d4 d5 3. e5 c5 4. dxc5 e6 5. Be3 Qc7 6. Nf3 Bxc5 7. Bxc5 Qxc5 8. Nc3
Bd7 9. Qd2 Ne7 10. Bd3 Nbc6 11. a3 Ng6 12. Bxg6 hxg6 13. Rd1 Rh5 14. Qe2 d4 15.
Ne4 Qa5+ 16. Kf1 Nxe5 17. Nxd4 Ke7 18. f4 Nc6 19. Nf3 Qc7 20. Ng3 Rc5 21. b4 Rc3
22. Ne4 Rxa3 23. c3 a6 24. Qb2 Ra4 25. Nc5 Nb8 26. Ne5 Bb5+ 27. Kg1 Qb6 28. Rd4
f6 29. Nxg6+ Kf7 30. Nh4 Nd7 31. Nxa4 Bxa4 32. Qf2 Qc7 33. Qd2 Nb6 34. h3 Rc8
35. Rd3 Bb5 36. Rg3 Nd5 37. Ng6 Nxc3 38. Kh2 Ne4 39. Qe1 Nxg3 40. Qxg3 Qc3 41.
Qg4 Qc2 42. Nh4 Be2 43. Qg3 Rc3 44. Qf2 Bb5 45. Qb6 Qe4 46. Qf2 Rc4 47. Nf3
Qxf4+ 48. g3 Qf5 49. g4 Qf4+ 50. Kg2 Bc6 0-1

[Event "WY Girls-U18"]
[Site "Porto Carras GRE"]
[Date "2010.10.20"]
[Round "1.12"]
[White "Suslova, Alena"]
[Black "Herrera Sosa, Jessica"]
[Result "1-0"]
[WhiteTitle "WFM"]
[BlackTitle "WFM"]
[WhiteElo "2207"]
[BlackElo "1964"]
[WhiteFideId "24111643"]
[BlackFideId "3900479"]
[EventDate "2010.10.20"]

1. c4 Nf6 2. Nc3 g6 3. g3 Bg7 4. Bg2 O-O 5. e4 d6 6. Nge2 e5 7. O-O Nc6 8. d3
Be6 9. h3 Ne7 10. Be3 c6 11. f4 Ne8 12. Qd2 d5 13. cxd5 cxd5 14. fxe5 Bxe5 15.
d4 Bg7 16. e5 f6 17. Nf4 Nc7 18. exf6 Rxf6 19. Rae1 Bf7 20. g4 Qd7 21. Nd3 Rxf1+
22. Rxf1 Ne6 23. Ne5 Bxe5 24. dxe5 Rd8 25. Qf2 Rf8 26. Bh6 Ng7 27. Qf6 Ne8 28.
e6 Nxf6 29. exd7 Nxd7 30. Bxf8 Nxf8 31. Rd1 Nd7 32. Nxd5 Nxd5 33. Bxd5 Bxd5 34.
Rxd5 Nf6 35. Rd8+ Kf7 36. Rb8 b6 37. Rb7+ Ke6 38. Rxa7 h5 39. gxh5 gxh5 40. Rb7
Nd5 41. Kf2 Ke5 42. Kg3 1-0

[Event "WY Girls-U18"]
[Site "Porto Carras GRE"]
[Date "2010.10.20"]
[Round "1.13"]
[White "Ivekovic, Ana"]
[Black "Kulon, Klaudia"]
[Result "0-1"]
[BlackTitle "WFM"]
[WhiteElo "1954"]
[BlackElo "2196"]
[WhiteFideId "14514508"]
[BlackFideId "1131044"]
[EventDate "2010.10.20"]

1. e4 c5 2. Nf3 e6 3. d4 cxd4 4. Nxd4 Nf6 5. Nc3 d6 6. Be3 Nc6 7. Be2 Be7 8. O-O
O-O 9. a4 a6 10. Qd2 Bd7 11. f3 Rc8 12. Nb3 Ne5 13. Rfd1 Nc4 14. Bxc4 Rxc4 15.
Qf2 Qc8 16. Rd3 b5 17. axb5 axb5 18. Na5 Rc7 19. Bb6 b4 20. Bxc7 Qxc7 21. Nb3
bxc3 22. Rxc3 Qb8 23. Kh1 d5 24. exd5 Nxd5 25. Rd3 Rc8 26. Qa7 Qb5 27. Ra5 Qb4
28. c3 Qxb3 29. Qxd7 Qc4 30. Qb5 Qf4 31. Ra1 g6 32. Qa4 Qxa4 33. Rxa4 Rb8 34.
Rd2 Nxc3 35. Ra7 Bf6 36. Rdd7 Rxb2 37. g3 Nb5 38. Rab7 Na3 39. Ra7 Nc4 40. Rxf7
Bd4 41. Rab7 Ne5 42. Rxb2 Kxf7 43. Rb7+ Kf6 44. f4 Nf7 45. Kg2 h5 46. h4 Nd6 47.
Rb8 Nf5 48. Rf8+ Kg7 49. Re8 Kf7 50. Rc8 Be3 51. Rd8 Bb6 52. Rb8 Ba5 53. Rb1 Kf6
54. Ra1 Bb4 55. Kf2 Bd6 56. Ra6 e5 57. fxe5+ Kxe5 58. Ra4 Bc5+ 59. Kf3 Nd4+ 60.
Kg2 Kf5 61. Kh3 Bb6 62. Rb4 Ba7 63. Ra4 Bc5 64. Rc4 Ne6 65. g4+ hxg4+ 66. Rxg4
Bf2 67. h5 g5 68. Rxg5+ Kxg5 69. Kg2 Bb6 70. h6 Kxh6 71. Kf3 Ng5+ 72. Kf4 Kg6
73. Ke5 Nf7+ 74. Ke4 Kf6 75. Kd5 Bg1 76. Ke4 Ke6 77. Kd3 Kd5 78. Kc3 Ne5 79. Kb4
Bd4 80. Kb3 Nd3 81. Kc2 Kc4 82. Kd2 Nf4 83. Kc2 Bc3 84. Kd1 Kd3 85. Kc1 Ne2+ 86.
Kd1 Nd4 87. Kc1 Nc2 88. Kb1 Ne3 89. Ka2 Kc4 90. Ka3 Nd1 91. Ka4 Nb2+ 92. Ka3 Be5
93. Ka2 Kb4 94. Kb1 Kb3 95. Kc1 Bf4+ 96. Kb1 Nc4 97. Ka1 Bg5 98. Kb1 Na3+ 99.
Ka1 Bf6# 0-1

[Event "WY Girls-U18"]
[Site "Porto Carras GRE"]
[Date "2010.10.20"]
[Round "1.14"]
[White "Pavlidou, Ekaterini"]
[Black "Dines, Sheila J"]
[Result "1-0"]
[WhiteTitle "WIM"]
[WhiteElo "2191"]
[BlackElo "1936"]
[WhiteFideId "4213262"]
[BlackFideId "414506"]
[EventDate "2010.10.20"]

1. d4 d5 2. c4 c6 3. Nf3 e6 4. e3 Nf6 5. Nc3 Nbd7 6. Bd3 dxc4 7. Bxc4 b5 8. Bb3
Bb7 9. O-O Be7 10. a3 a6 11. e4 O-O 12. Qe2 c5 13. dxc5 Bxc5 14. Bg5 h6 15. Bh4
Qb6 16. Rad1 Bc6 17. Ne1 Qb7 18. e5 Bxg2 19. Nxg2 1-0

[Event "WY Girls-U18"]
[Site "Porto Carras GRE"]
[Date "2010.10.21"]
[Round "2.1"]
[White "Stetsko, Lanita"]
[Black "Havlikova, Kristyna"]
[Result "1/2-1/2"]
[WhiteTitle "FM"]
[BlackTitle "WIM"]
[WhiteElo "2148"]
[BlackElo "2318"]
[WhiteFideId "13505300"]
[BlackFideId "309672"]
[EventDate "2010.10.20"]

1. c4 e5 2. Nc3 Nf6 3. g3 d5 4. cxd5 Nxd5 5. Bg2 Nb6 6. Nf3 Nc6 7. O-O Be7 8. d3
O-O 9. a3 Be6 10. b4 a5 11. b5 Nd4 12. Bb2 Bb3 13. Qc1 f6 14. Nxd4 exd4 15. Ne4
Na4 16. Nd2 Bd5 17. Nf3 Nxb2 18. Qxb2 Bxf3 1/2-1/2

[Event "WY Girls-U18"]
[Site "Porto Carras GRE"]
[Date "2010.10.21"]
[Round "2.2"]
[White "Bhakti, Kulkarni"]
[Black "Adamowicz, Katarzyna"]
[Result "0-1"]
[WhiteTitle "CM"]
[BlackTitle "WFM"]
[WhiteElo "2294"]
[BlackElo "2147"]
[WhiteFideId "5019516"]
[BlackFideId "1134043"]
[EventDate "2010.10.20"]

1. d4 d5 2. c4 c6 3. Nf3 Nf6 4. e3 e6 5. Nbd2 Nbd7 6. b3 Be7 7. Bd3 O-O 8. O-O
c5 9. Bb2 b6 10. Ne5 Bb7 11. f4 Ne4 12. Nxe4 dxe4 13. Bc2 f6 14. Nxd7 Qxd7 15.
Qe2 f5 16. g4 Rfd8 17. Rad1 Qe8 18. Kh1 Rac8 19. dxc5 Bxc5 20. Qe1 fxg4 21. Qh4
Bxe3 22. Qg5 Rd7 23. Qe5 Re7 24. b4 Rxc4 25. Bb3 Bd4 26. Rxd4 Rxd4 27. Qxd4 e3+
28. Kg1 Qc6 29. Bxe6+ Qxe6 30. b5 g3 31. f5 gxh2+ 32. Kxh2 Qh6+ 33. Kg3 e2 34.
f6 Qg5+ 35. Kh2 Qg2# 0-1

[Event "WY Girls-U18"]
[Site "Porto Carras GRE"]
[Date "2010.10.21"]
[Round "2.3"]
[White "Semenova, Elena"]
[Black "Bulmaga, Irina"]
[Result "0-1"]
[WhiteTitle "WFM"]
[BlackTitle "WIM"]
[WhiteElo "2135"]
[BlackElo "2267"]
[WhiteFideId "24125148"]
[BlackFideId "13903063"]
[EventDate "2010.10.20"]

1. e4 c6 2. d4 d5 3. exd5 cxd5 4. Bd3 Nc6 5. Ne2 Nf6 6. c3 g6 7. Bf4 Bg7 8. h3
O-O 9. O-O Nh5 10. Bh2 e5 11. dxe5 Nxe5 12. Bc2 Nc6 13. Na3 a6 14. Re1 b5 15.
Bd3 b4 16. Nc2 bxc3 17. bxc3 Qa5 18. Ncd4 Nxd4 19. cxd4 Bd7 20. Qb3 Rfe8 21.
Rec1 Ba4 22. Qb2 Bf8 23. a3 Qd8 24. Qd2 Nf6 25. Bc7 Qd7 26. Be5 Ne4 27. Qf4 f6
28. Bxf6 Nxf6 29. Qxf6 Bg7 30. Qb6 Bb5 31. Bxb5 axb5 32. Rc7 Qd8 33. Qb7 Qf6 34.
Qxd5+ Kh8 35. Qxb5 Rf8 36. f3 Qd6 37. Rd7 Qe6 38. Qb7 Rab8 39. Qa7 Ra8 40. Qb7
Rab8 41. Re7 Qxe2 42. Rxe2 Rxb7 43. Rd1 Rd8 44. d5 Rbd7 45. Red2 Bf8 46. a4 Ra8
47. Ra2 Ra5 48. Kf1 Kg7 49. Ke2 Kf6 50. f4 h5 51. Kf3 Rdxd5 52. Rxd5 Rxd5 53. a5
Bc5 54. Rc2 Ke6 55. a6 Kd6 56. Ke2 Kc6 57. Rb2 Rd4 58. Rb7 Rxf4 59. Rg7 Rf2+ 60.
Ke1 Rxg2 61. a7 Bxa7 62. Rxa7 Rg3 63. h4 Rg4 64. Ra3 Kd5 65. Rh3 Ke4 66. Kf2
Rf4+ 67. Kg2 Rg4+ 68. Kf2 Kf5 69. Rf3+ Ke5 70. Rg3 Rxg3 71. Kxg3 Ke4 0-1

[Event "WY Girls-U18"]
[Site "Porto Carras GRE"]
[Date "2010.10.21"]
[Round "2.4"]
[White "Newrkla, Katharina"]
[Black "Kazimova, Narmin Nizami qizi"]
[Result "0-1"]
[WhiteTitle "WFM"]
[BlackTitle "WIM"]
[WhiteElo "2123"]
[BlackElo "2260"]
[WhiteFideId "1621629"]
[BlackFideId "13402951"]
[EventDate "2010.10.20"]

1. e4 c5 2. Nf3 d6 3. d4 cxd4 4. Nxd4 Nf6 5. Nc3 a6 6. Be3 e6 7. Qd2 b5 8. f3
Nbd7 9. g4 Nb6 10. O-O-O Bb7 11. g5 Nfd7 12. Bd3 Rc8 13. Kb1 Ne5 14. Qe1 b4 15.
Nce2 d5 16. h4 Bd6 17. Nf4 Qc7 18. Nh5 O-O 19. Rg1 Kh8 20. Qf2 Nbc4 21. Rge1
Nxd3 22. cxd3 Nxe3 23. Qxe3 Bc5 24. Rc1 e5 25. Rxc5 Qxc5 26. Nf5 Qxe3 27. Rxe3
g6 28. Nd6 gxh5 29. Nxb7 Rc7 30. Nd6 Rd8 31. Nf5 d4 32. Re1 a5 33. Rc1 Rxc1+ 34.
Kxc1 a4 35. Ne7 Re8 36. Nd5 b3 37. axb3 Rc8+ 38. Kb1 axb3 39. Nb4 Kg7 40. Nd5
Rc2 41. Nf6 Rh2 42. Kc1 Rxh4 43. Nd7 Rh1+ 44. Kd2 Rh2+ 45. Kc1 Rc2+ 0-1

[Event "WY Girls-U18"]
[Site "Porto Carras GRE"]
[Date "2010.10.21"]
[Round "2.5"]
[White "Purgar, Ivona"]
[Black "Efroimski, Marsel"]
[Result "1-0"]
[WhiteTitle "WFM"]
[BlackTitle "WFM"]
[WhiteElo "2091"]
[BlackElo "2244"]
[WhiteFideId "14514451"]
[BlackFideId "2810964"]
[EventDate "2010.10.20"]

1. e4 c6 2. d4 d5 3. Nc3 dxe4 4. Nxe4 Bf5 5. Ng3 Bg6 6. Bc4 e6 7. N1e2 Nd7 8. h4
Ngf6 9. h5 Be4 10. Nxe4 Nxe4 11. Bd3 Ndf6 12. f3 Qa5+ 13. c3 Nd6 14. Bd2 c5 15.
c4 Qc7 16. Qa4+ Qd7 17. Qb3 O-O-O 18. O-O-O Qc6 19. Kb1 Nde8 20. Be3 Nc7 21.
dxc5 Bxc5 22. Bg5 h6 23. Bh4 Na6 24. Nc3 Qb6 25. Qxb6 Bxb6 26. Ne4 Nxe4 27. Bxd8
Nf2 28. Bxb6 axb6 29. Rhf1 Nxd1 30. Rxd1 Kc7 31. a3 Nc5 32. Bc2 Nd7 33. Rd4 Nf6
34. g4 Ra8 35. Kc1 Ra5 36. Kd2 e5 37. Rd3 e4 38. fxe4 Nxe4+ 39. Ke3 Nd6 40. Rd4
Re5+ 41. Kf3 Re1 42. Bd1 Ne8 43. Kf2 Re5 44. Bf3 Nf6 45. a4 Re8 46. b3 Re7 47.
Rd3 Nd7 48. Rd5 Nf6 49. Rd4 Re8 50. Rd3 Nd7 51. Rd5 f6 52. a5 Re6 53. Rb5 Nc5
54. axb6+ Kd6 55. b4 Ne4+ 56. Kg2 Nc3 57. Rc5 Re7 58. Rc8 Rd7 59. Rb8 Ke5 60.
Rxb7 Rd2+ 61. Kg3 Rb2 62. Rxg7 Rxb4 63. b7 Rb3 64. Re7+ Kd4 65. Re8 1-0

[Event "WY Girls-U18"]
[Site "Porto Carras GRE"]
[Date "2010.10.21"]
[Round "2.6"]
[White "Le, Hoang Tran Chau"]
[Black "Eric, Jovana"]
[Result "1/2-1/2"]
[WhiteTitle "WFM"]
[BlackTitle "WIM"]
[WhiteElo "2082"]
[BlackElo "2218"]
[WhiteFideId "12401854"]
[BlackFideId "938238"]
[EventDate "2010.10.20"]

1. d4 d5 2. Nf3 c6 3. c4 e6 4. Nc3 Nf6 5. Bg5 h6 6. Bxf6 Qxf6 7. e3 Nd7 8. cxd5
exd5 9. Bd3 Bb4 10. Rc1 O-O 11. O-O Qe7 12. Qc2 Nf6 13. Bf5 Bd6 14. a3 g6 15.
Bxc8 Raxc8 16. Rb1 Rfe8 17. Rfc1 Qc7 18. h3 Kg7 19. b4 Qe7 20. Qb3 b6 21. a4 Ne4
22. Nxe4 Qxe4 23. Rc3 c5 24. Nd2 Qf5 25. bxc5 bxc5 26. dxc5 Bxc5 27. Qc2 Qxc2
28. Rxc2 Bb6 29. Rxc8 Rxc8 30. Rb5 d4 31. exd4 Bxd4 32. Nb3 Bf6 33. Rb7 Rc3 34.
Kf1 Be5 35. Ke2 Rc2+ 36. Kf3 Bd6 37. g4 Rc3+ 38. Kg2 Kf6 39. Nd2 Rc7 40. Rxc7
Bxc7 41. Kf3 Ke5 42. h4 f5 43. Nc4+ Kd4 44. Ne3 f4 45. Nf1 Kd3 46. g5 hxg5 47.
hxg5 a5 48. Nh2 Kc4 49. Ke4 Kb4 50. Nf3 Kxa4 51. Nh4 Bd8 52. Kxf4 Kb3 53. Nxg6
a4 54. Ne5 a3 55. Nd3 Kc3 56. Nc1 Kb2 57. Nd3+ 1/2-1/2

[Event "WY Girls-U18"]
[Site "Porto Carras GRE"]
[Date "2010.10.21"]
[Round "2.7"]
[White "Hoang, Thi Nhu Y"]
[Black "Motycakova, Monika"]
[Result "1-0"]
[WhiteTitle "WIM"]
[BlackTitle "WFM"]
[WhiteElo "2214"]
[BlackElo "2072"]
[WhiteFideId "12401455"]
[BlackFideId "14909626"]
[EventDate "2010.10.20"]

1. c4 e6 2. Nf3 Nf6 3. d4 d5 4. Bg5 Nbd7 5. cxd5 exd5 6. Nc3 c6 7. e3 Bd6 8. Qc2
O-O 9. Bd3 h6 10. Bh4 Re8 11. O-O Nf8 12. Bg3 Bg4 13. Ne5 Bh5 14. Rab1 Qe7 15.
a3 N6d7 16. f4 f6 17. Nxd7 Qxd7 18. Bf2 Qf7 19. h3 Bg6 20. f5 Bh7 21. e4 Kh8 22.
exd5 cxd5 23. Qb3 Bg8 24. Rfe1 Rac8 25. Bb5 Rxe1+ 26. Rxe1 Bb8 27. Be2 Bf4 28.
Rd1 Qd7 29. Bf3 Rd8 30. g4 Bc7 31. Kf1 Bf7 32. Rd2 b6 33. Re2 Nh7 34. Bxd5 Bxd5
35. Qxd5 Qc8 36. Qc6 Ng5 37. Kg2 Qb8 38. h4 Nh7 39. Nb5 Bf4 40. Re7 a6 41. Nc3
Qd6 42. Qxd6 Bxd6 43. Ra7 a5 44. d5 Rb8 45. Ra6 Bc7 46. Nb5 Bd8 47. d6 Nf8 48.
Ra7 Rc8 49. d7 1-0

[Event "WY Girls-U18"]
[Site "Porto Carras GRE"]
[Date "2010.10.21"]
[Round "2.8"]
[White "Tanacs, Anna"]
[Black "Suslova, Alena"]
[Result "1/2-1/2"]
[WhiteTitle "WFM"]
[BlackTitle "WFM"]
[WhiteElo "2070"]
[BlackElo "2207"]
[WhiteFideId "729159"]
[BlackFideId "24111643"]
[EventDate "2010.10.20"]

1. Nf3 Nf6 2. g3 g6 3. Bg2 Bg7 4. O-O O-O 5. d4 d6 6. c4 c5 7. Nc3 Nc6 8. e4
cxd4 9. Nxd4 Nxd4 10. Qxd4 Ng4 11. Qd2 Be6 12. b3 Qa5 13. Bb2 Rfd8 14. Qc2 Qh5
15. h3 Ne5 16. Qd1 Qxd1 17. Rfxd1 Rac8 18. Rab1 a6 19. Nd5 Bxd5 20. Rxd5 Rc5 21.
Bxe5 Bxe5 22. Rbd1 Rdc8 23. Rxc5 Rxc5 24. Rd5 Rc7 25. f4 Bc3 26. a4 Be1 27. Rd3
Bb4 28. Kf2 b5 29. axb5 axb5 30. cxb5 Rb7 31. e5 Rxb5 32. exd6 Bxd6 33. Bd5 Kg7
34. Bc4 Ra5 35. Rd2 h6 36. Kf3 Kf6 37. g4 Ra1 38. Rf2 Kg7 39. Ke4 Re1+ 40. Kd3
Rd1+ 41. Ke2 Rd4 42. f5 g5 43. Rf3 Kf6 44. Rd3 Re4+ 45. Re3 Rf4 46. Rg3 e5 47.
fxe6 fxe6 48. Rf3 Rxf3 49. Kxf3 e5 50. h4 Bb4 51. h5 Bc3 52. Bd5 Ke7 53. Ke4 1/2-1/2